The encyclopedia of business letters, fax memos, and e-mail
Αποθηκεύτηκε σε:
| Κύριος συγγραφέας: | |
|---|---|
| Μορφή: | Βιβλίο |
| Γλώσσα: | English |
| Δημοσίευση: |
Franklin Lakes, N.J. :
Career Press,
c1999
|
| Θέματα: | |
| Ετικέτες: |
Προσθήκη ετικέτας
Δεν υπάρχουν, Καταχωρήστε ετικέτα πρώτοι!
|
MARC
| LEADER | 00000nam a2200000 i 4500 | ||
|---|---|---|---|
| 001 | 1/16392 | ||
| 008 | 010128s1999 eng d | ||
| 020 | |a 1-56414-375-9 | ||
| 035 | |l 10065756 | ||
| 040 | |a GR-MY-UA |b gre |e aacr | ||
| 041 | 0 | |a eng | |
| 082 | 0 | |a 651.75 |2 (21) | |
| 100 | 1 | |a Bly, Robert W. | |
| 245 | 1 | 4 | |a The encyclopedia of business letters, fax memos, and e-mail / |c by Robert W. Bly |
| 260 | |a Franklin Lakes, N.J. : |b Career Press, |c c1999 | ||
| 300 | |a 286 p.; |b ill.; |c 24 cm. | ||
| 504 | |a Includes index | ||
| 650 | 0 | 0 | |a Commercial correspondence. |
| 650 | 0 | 0 | |a Memorandums. |
| 650 | 0 | 0 | |a Facsimile transmission. |
| 852 | |a INST |b SAMOS |e 20010128 |h 651.75 BLY |p 005300022186 |q 005300022186 |t BK |y 0 | ||
| 852 | |a INST |b SAMOS |e 20010128 |h 651.75 BLY |p 005300022187 |q 005300022187 |t BK |y 0 | ||
| 852 | |a INST |b SAMOS |e 20010128 |h 651.75 BLY |p 005300022188 |q 005300022188 |t BK |y 0 | ||
| 852 | |a INST |b SAMOS |e 20010128 |h 651.75 BLY |p 005300022189 |q 005300022189 |t BK |y 0 | ||
| 852 | |a INST |b SAMOS |e 20010128 |h 651.75 BLY |p 005300022190 |q 005300022190 |t BK |y 0 | ||
| 852 | |a INST |b SAMOS |e 20010128 |h 651.75 BLY |p 005300022191 |q 005300022191 |t BK |y 0 | ||
| 852 | |a INST |b SAMOS |e 20010128 |h 651.75 BLY |p 005300022192 |q 005300022192 |t BK |y 0 | ||
| 852 | |a INST |b SAMOS |e 20010128 |h 651.75 BLY |p 005300022193 |q 005300022193 |t BK |y 0 | ||
| 852 | |a INST |b SAMOS |e 20010128 |h 651.75 BLY |p 005300022194 |q 005300022194 |t BK |y 23 | ||
| 852 | |a INST |b SYROS |e 20010128 |h 651.75 BLY |p 005500000229 |q 005500000229 |t BK |y 0 | ||
| 901 | |a BIBL3-2001-1 | ||
| 909 | |a Σ |b 081727 | ||
| 909 | |a Σ |b 081735 | ||
| 909 | |a Σ |b 081734 | ||
| 909 | |a Σ |b 081733 | ||
| 909 | |a Σ |b 081729 | ||
| 909 | |a Σ |b 081728 | ||
| 909 | |a Σ |b 081732 | ||
| 909 | |a Σ |b 081731 | ||
| 909 | |a Σ |b 081730 | ||
| 909 | |a Ε |b 081736 | ||
| 922 | |a 3ΕΛΗ |b 200002 |c ΤΠΕΣ/ΠΟΛ |d LEADER | ||
| 922 | |a 5ΕΛΗ |b 200002 |c ΤΠΕΣ/ΠΟΛ |d LEADER | ||
| 970 | |a ΠΟΥΡΝΑΡΑΣ |b ΔΗΜΗΤΡΗΣ |z 2001/01/28 | ||